00346nam a2200157Ia 4500003000400000005001700004008004100021040000700062041000800069082001600077100001700093245001100110260004300121300000900164650001500173OSt20260326150022.0250729s2009 xx 000 0 und d cAL aeng a370.15 SANC aSandras Lobo aCogmap aMangalorebSchool of Social Workc2009 a146p aPsychology